2026 FIFA World Cup Qualifiers: Top goalscorers - Statistics

General Stats
  • This quiz has been taken 426 times
  • The average score is 9 of 20
Answer Stats
Country Total Answer % Correct
Norway 16 Erling Haaland
99%
England 8 Harry Kane
94%
Argentina 8 Lionel Messi
94%
Egypt 9 Mohamed Salah
93%
South Korea 10 Son Heung-Min
92%
New Zealand 9 Chris Wood
62%
Netherlands 8 Memphis Depay
61%
Nigeria 8 Victor Osimhen
60%
Iran 10 Mehdi Taremi
53%
Austria 8 Marko Arnautovic
50%
Qatar 12 Almoez Ali
25%
Gabon 8 Denis Bouanga
17%
Iran 8 Sardar Azmoun
15%
Japan 8 Ayase Ueda
11%
Algeria 10 Mohamed Amoura
11%
Iraq 8 Aymen Hussein
6%
Jordan 9 Ali Olwan
4%
UAE 8 Fabio Lima
4%
Jordan 8 Yazan Al-Naimat
4%
Mali 8 Kamory Doumbia
3%
No matching quizzes found
Score Distribution
Percent of People with Each Score
Percentile by Number Answered
Your Score History
You have not taken this quiz